| 000 | 00502nam a22001697a 4500 | ||
|---|---|---|---|
| 003 | OSt | ||
| 005 | 20240923093857.0 | ||
| 008 | 240923b |||||||| |||| 00| 0 eng d | ||
| 022 | _29780821358480 | ||
| 040 | _cMUST | ||
| 100 |
_aYoland Tayler _919176 |
||
| 245 |
_aBattling HIV/AIDS: _bA Decision maker's guide to the orocurement of medicine and related supplied. |
||
| 260 |
_aWashington _bThe World Bank _cc2004 |
||
| 300 |
_axxv,152p. ; _bill. _c24cm. |
||
| 500 | _aGlossary, index | ||
| 942 |
_2ddc _cBOOK |
||
| 999 |
_c9392 _d9392 |
||